[Event "European Women's Championship"]
[Site "Vysoke Tatry"]
[Date "2018.04.17"]
[Round "9"]
[White "Kursova, Maria"]
[Black "Vega Gutierrez, Sabrina"]
[Result "1-0"]
[Board "25"]
[WhiteElo "2278"]
[WhiteTitle "WGM"]
[WhiteCountry "ARM"]
[WhiteFideId "4129709"]
[WhiteEloChange "14"]
[BlackElo "2425"]
[BlackTitle "IM"]
[BlackCountry "ESP"]
[BlackFideId "2219026"]
[BlackEloChange "-7"]

1. d4 {[%clk 1:30:56]} Nf6 {[%clk 1:30:50]} 2. Nf3 {[%clk 1:31:17]} b6 {[%clk
1:31:09]} 3. c4 {[%clk 1:27:46]} Bb7 {[%clk 1:31:29]} 4. g3 {[%clk 1:25:41]} g6
{[%clk 1:31:38]} 5. Bg2 {[%clk 1:25:49]} Bg7 {[%clk 1:31:58]} 6. O-O {[%clk
1:25:23]} O-O {[%clk 1:32:18]} 7. Re1 {[%clk 1:18:42]} Re8 {[%clk 1:04:21]} 8.
Nc3 {[%clk 0:44:44]} Ne4 {[%clk 1:01:50]} 9. Nxe4 {[%clk 0:44:33]} Bxe4 {[%clk
1:02:11]} 10. Bf1 {[%clk 0:40:46]} h6 {[%clk 0:33:18]} 11. e3 {[%clk 0:22:12]} c5
{[%clk 0:29:45]} 12. d5 {[%clk 0:20:51]} e6 {[%clk 0:21:36]} 13. Nd2 {[%clk
0:17:05]} exd5 {[%clk 0:22:03]} 14. f3 {[%clk 0:11:25]} Bf5 {[%clk 0:22:30]} 15.
cxd5 {[%clk 0:11:44]} d6 {[%clk 0:22:58]} 16. a4 {[%clk 0:11:53]} Bc8 {[%clk
0:16:03]} 17. Nc4 {[%clk 0:08:21]} Ba6 {[%clk 0:15:06]} 18. Na3 {[%clk 0:06:29]}
Bxf1 {[%clk 0:15:26]} 19. Kxf1 {[%clk 0:06:53]} Na6 {[%clk 0:14:22]} 20. Kg2
{[%clk 0:06:59]} c4 {[%clk 0:10:04]} 21. Nxc4 {[%clk 0:07:04]} Rc8 {[%clk
0:10:29]} 22. Na3 {[%clk 0:06:52]} Rc5 {[%clk 0:06:17]} 23. e4 {[%clk 0:06:08]}
Qd7 {[%clk 0:00:49]} 24. Rb1 {[%clk 0:02:26]} Rec8 {[%clk 0:00:35]} 25. Be3
{[%clk 0:02:50]} R5c7 {[%clk 0:00:33]} 26. Bd4 {[%clk 0:02:42]} Bxd4 {[%clk
0:00:32]} 27. Qxd4 {[%clk 0:03:10]} Rc5 {[%clk 0:00:34]} 28. Re2 {[%clk 0:02:56]}
Qc7 {[%clk 0:00:31]} 29. Rbe1 {[%clk 0:02:08]} Qd7 {[%clk 0:00:46]} 30. Rd2
{[%clk 0:01:31]} Nc7 {[%clk 0:01:04]} 31. b4 {[%clk 0:01:46]} Qxa4 {[%clk
0:00:45]} 32. bxc5 {[%clk 0:02:13]} Qxa3 {[%clk 0:01:10]} 33. cxd6 {[%clk
0:01:57]} Qxd6 {[%clk 0:01:37]} 34. e5 {[%clk 0:02:11]} Qd7 {[%clk 0:01:23]} 35.
e6 {[%clk 0:02:05]} fxe6 {[%clk 0:01:41]} 36. dxe6 {[%clk 0:02:33]} Qxd4 {[%clk
0:02:04]} 37. Rxd4 {[%clk 0:03:01]} Re8 {[%clk 0:02:14]} 38. Rd7 {[%clk 0:01:40]}
Nxe6 {[%clk 0:00:35]} 39. Rxa7 {[%clk 0:01:55]} Nf4+ {[%clk 0:00:34]} 40. Kf1
{[%clk 0:32:19]} Rxe1+ {[%clk 0:31:00]} 41. Kxe1 {[%clk 0:32:43]} Ne6 {[%clk
0:27:00]} 42. Ra6 {[%clk 0:30:14]} Kf7 {[%clk 0:27:23]} 43. Rxb6 {[%clk 0:30:35]}
h5 {[%clk 0:27:26]} 44. Kf2 {[%clk 0:29:41]} Ng5 {[%clk 0:25:36]} 45. Ke3 {[%clk
0:27:18]} Nh3 {[%clk 0:24:45]} 46. f4 {[%clk 0:25:25]} Kg7 {[%clk 0:24:27]} 47.
Kf3 {[%clk 0:20:01]} g5 {[%clk 0:24:53]} 48. fxg5 {[%clk 0:20:08]} Nxg5+ {[%clk
0:25:20]} 49. Kf4 {[%clk 0:20:29]} Nh3+ {[%clk 0:25:12]} 50. Kf5 {[%clk 0:20:42]}
Kh7 {[%clk 0:25:14]} 51. Rb4 {[%clk 0:18:37]} Kh6 {[%clk 0:25:02]} 52. Rh4 {[%clk
0:18:01]} Nf2 {[%clk 0:25:29]} 53. h3 {[%clk 0:17:59]} Nh1 {[%clk 0:24:48]} 54.
g4 {[%clk 0:17:24]} Ng3+ {[%clk 0:24:48]} 55. Kf4 {[%clk 0:17:47]} Ne2+ {[%clk
0:25:36]} 56. Kf3 {[%clk 0:17:30]} Nd4+ {[%clk 0:25:17]} 57. Ke4 {[%clk 0:17:47]}
Kg5 {[%clk 0:25:31]} 58. Rxh5+ {[%clk 0:18:11]} 1-0

[Event "European Women's Championship"]
[Site "Vysoke Tatry"]
[Date "2018.04.17"]
[Round "9"]
[White "Zimina, Olga"]
[Black "Mamedjarova, Turkan"]
[Result "1/2-1/2"]
[Board "26"]
[WhiteElo "2414"]
[WhiteTitle "IM"]
[WhiteCountry "ITA"]
[WhiteFideId "4132190"]
[WhiteEloChange "-2"]
[BlackElo "2274"]
[BlackTitle "WGM"]
[BlackCountry "AZE"]
[BlackFideId "13402005"]
[BlackEloChange "4"]

1. e4 {[%clk 1:30:54]} c6 {[%clk 1:30:40]} 2. d3 {[%clk 1:28:56]} d5 {[%clk
1:28:04]} 3. Nd2 {[%clk 1:29:21]} e5 {[%clk 1:25:20]} 4. Ngf3 {[%clk 1:29:45]}
Bg4 {[%clk 1:22:15]} 5. h3 {[%clk 1:28:17]} Bxf3 {[%clk 1:22:21]} 6. Nxf3 {[%clk
1:25:55]} Nd7 {[%clk 1:11:31]} 7. c3 {[%clk 1:21:47]} Ngf6 {[%clk 1:10:24]} 8.
Qc2 {[%clk 1:22:12]} Qc7 {[%clk 1:05:03]} 9. Bg5 {[%clk 1:21:55]} h6 {[%clk
1:04:12]} 10. Bh4 {[%clk 1:17:24]} Bd6 {[%clk 1:02:06]} 11. Be2 {[%clk 1:16:58]}
Nh5 {[%clk 0:54:43]} 12. O-O-O {[%clk 1:12:34]} g5 {[%clk 0:52:55]} 13. Bg3
{[%clk 1:12:47]} Nxg3 {[%clk 0:52:54]} 14. fxg3 {[%clk 1:13:12]} O-O-O {[%clk
0:51:55]} 15. Kb1 {[%clk 1:05:18]} Kb8 {[%clk 0:51:06]} 16. Rhf1 {[%clk 0:56:47]}
f6 {[%clk 0:30:43]} 17. Nd2 {[%clk 0:54:06]} Ka8 {[%clk 0:28:27]} 18. Bh5 {[%clk
0:39:51]} Be7 {[%clk 0:27:22]} 19. Rfe1 {[%clk 0:36:35]} dxe4 {[%clk 0:24:37]}
20. Nxe4 {[%clk 0:32:40]} f5 {[%clk 0:19:46]} 21. Nf2 {[%clk 0:32:48]} Bc5 {[%clk
0:19:40]} 22. d4 {[%clk 0:23:43]} exd4 {[%clk 0:19:37]} 23. cxd4 {[%clk 0:24:08]}
Bb6 {[%clk 0:16:17]} 24. Qxf5 {[%clk 0:14:11]} Rhf8 {[%clk 0:11:54]} 25. Qc2
{[%clk 0:14:39]} Nf6 {[%clk 0:12:08]} 26. Bf3 {[%clk 0:14:59]} Bxd4 {[%clk
0:12:16]} 27. Ne4 {[%clk 0:11:58]} Nxe4 {[%clk 0:08:40]} 28. Rxe4 {[%clk
0:12:16]} Be5 {[%clk 0:08:34]} 29. g4 {[%clk 0:11:59]} Rxd1+ {[%clk 0:06:31]}
1/2-1/2

[Event "European Women's Championship"]
[Site "Vysoke Tatry"]
[Date "2018.04.17"]
[Round "9"]
[White "Mkrtchian, Lilit"]
[Black "Mikadze, Miranda"]
[Result "1-0"]
[Board "28"]
[WhiteElo "2403"]
[WhiteTitle "IM"]
[WhiteCountry "ARM"]
[WhiteFideId "13300601"]
[WhiteEloChange "3"]
[BlackElo "2216"]
[BlackTitle "WGM"]
[BlackCountry "GEO"]
[BlackFideId "13603108"]
[BlackEloChange "-5"]

1. Nf3 {[%clk 1:30:53]} d5 {[%clk 1:30:59]} 2. g3 {[%clk 1:31:03]} c6 {[%clk
1:31:27]} 3. Bg2 {[%clk 1:31:16]} Bg4 {[%clk 1:31:54]} 4. c4 {[%clk 1:31:09]} e6
{[%clk 1:32:21]} 5. cxd5 {[%clk 1:31:24]} exd5 {[%clk 1:32:44]} 6. O-O {[%clk
1:31:16]} Nf6 {[%clk 1:33:01]} 7. Qb3 {[%clk 1:31:09]} Qb6 {[%clk 1:33:14]} 8.
Qc2 {[%clk 1:31:30]} Nbd7 {[%clk 1:33:19]} 9. Nc3 {[%clk 1:31:27]} Bd6 {[%clk
1:28:36]} 10. d3 {[%clk 1:24:15]} O-O {[%clk 1:28:14]} 11. e4 {[%clk 1:24:34]}
Rfe8 {[%clk 1:26:29]} 12. Be3 {[%clk 1:21:47]} Qa6 {[%clk 1:21:25]} 13. Nd4
{[%clk 1:08:56]} c5 {[%clk 1:18:28]} 14. Ndb5 {[%clk 1:08:31]} d4 {[%clk
1:18:26]} 15. Nxd6 {[%clk 1:08:41]} Qxd6 {[%clk 1:17:52]} 16. Bf4 {[%clk
1:08:17]} Qa6 {[%clk 1:16:47]} 17. Nb1 {[%clk 1:03:13]} Rac8 {[%clk 0:52:55]} 18.
Na3 {[%clk 0:59:03]} Ne5 {[%clk 0:45:52]} 19. Bxe5 {[%clk 0:44:21]} Rxe5 {[%clk
0:46:08]} 20. f4 {[%clk 0:38:40]} Rh5 {[%clk 0:33:48]} 21. e5 {[%clk 0:31:17]}
Ne8 {[%clk 0:34:12]} 22. Qb3 {[%clk 0:26:01]} Qh6 {[%clk 0:20:46]} 23. Qxb7
{[%clk 0:14:41]} Rxh2 {[%clk 0:21:11]} 24. Rf2 {[%clk 0:13:08]} Rxg2+ {[%clk
0:17:16]} 25. Qxg2 {[%clk 0:12:06]} Qg6 {[%clk 0:17:39]} 26. Rd2 {[%clk 0:11:53]}
Bf5 {[%clk 0:17:50]} 27. Qf3 {[%clk 0:10:09]} h5 {[%clk 0:16:09]} 28. Kf2 {[%clk
0:06:41]} Rb8 {[%clk 0:16:02]} 29. Nc4 {[%clk 0:06:56]} Bc8 {[%clk 0:16:24]} 30.
Rh1 {[%clk 0:06:20]} Bb7 {[%clk 0:16:37]} 31. Qxh5 {[%clk 0:06:40]} Bxh1 {[%clk
0:16:52]} 32. Qxh1 {[%clk 0:07:06]} Qa6 {[%clk 0:16:54]} 33. b3 {[%clk 0:04:09]}
Nc7 {[%clk 0:16:39]} 34. Kg1 {[%clk 0:04:01]} Qg6 {[%clk 0:17:03]} 35. Qf3 {[%clk
0:01:09]} Nb5 {[%clk 0:17:26]} 36. Rh2 {[%clk 0:00:53]} Nc3 {[%clk 0:17:38]} 37.
Nd6 {[%clk 0:01:04]} c4 {[%clk 0:13:30]} 38. f5 {[%clk 0:01:23]} Qg5 {[%clk
0:13:54]} 39. Rh8+ {[%clk 0:01:43]} Kxh8 {[%clk 0:14:11]} 40. Nxf7+ {[%clk
0:32:10]} 1-0

[Event "European Women's Championship"]
[Site "Vysoke Tatry"]
[Date "2018.04.17"]
[Round "9"]
[White "Osmanodja, Filiz"]
[Black "Hoolt, Sarah"]
[Result "1-0"]
[Board "29"]
[WhiteElo "2300"]
[WhiteTitle "WIM"]
[WhiteCountry "GER"]
[WhiteFideId "24633569"]
[WhiteEloChange "13"]
[BlackElo "2393"]
[BlackTitle "WGM"]
[BlackCountry "GER"]
[BlackFideId "24606812"]
[BlackEloChange "-13"]

1. e4 {[%clk 1:30:58]} e6 {[%clk 1:30:56]} 2. d4 {[%clk 1:31:25]} d5 {[%clk
1:31:21]} 3. Nd2 {[%clk 1:31:52]} Be7 {[%clk 1:31:39]} 4. e5 {[%clk 1:32:10]} c5
{[%clk 1:31:26]} 5. Qg4 {[%clk 1:32:28]} Kf8 {[%clk 1:31:37]} 6. Ndf3 {[%clk
1:32:47]} cxd4 {[%clk 1:26:52]} 7. Nxd4 {[%clk 1:26:17]} Nc6 {[%clk 1:25:24]} 8.
Ngf3 {[%clk 1:25:21]} Bd7 {[%clk 1:18:20]} 9. Bd3 {[%clk 1:21:33]} Nxd4 {[%clk
1:07:10]} 10. Nxd4 {[%clk 1:20:22]} Rc8 {[%clk 1:06:10]} 11. h4 {[%clk 1:16:40]}
Qc7 {[%clk 0:52:51]} 12. Qe2 {[%clk 1:04:13]} h5 {[%clk 0:46:44]} 13. Rh3 {[%clk
1:01:37]} g6 {[%clk 0:44:17]} 14. Bg5 {[%clk 0:53:43]} Bb4+ {[%clk 0:40:32]} 15.
Kf1 {[%clk 0:51:49]} Kg7 {[%clk 0:34:19]} 16. c3 {[%clk 0:39:09]} Bc5 {[%clk
0:34:03]} 17. Re1 {[%clk 0:30:18]} a6 {[%clk 0:29:52]} 18. Kg1 {[%clk 0:21:30]}
Rf8 {[%clk 0:22:10]} 19. Rg3 {[%clk 0:18:39]} Qb6 {[%clk 0:21:21]} 20. Qf3 {[%clk
0:12:27]} f5 {[%clk 0:19:47]} 21. exf6+ {[%clk 0:12:28]} Nxf6 {[%clk 0:12:36]}
22. Bf4 {[%clk 0:12:01]} Ne4 {[%clk 0:13:01]} 23. Bxe4 {[%clk 0:07:21]} dxe4
{[%clk 0:13:16]} 24. Qxe4 {[%clk 0:07:18]} e5 {[%clk 0:13:33]} 25. Bxe5+ {[%clk
0:06:17]} Kh7 {[%clk 0:14:02]} 26. Bxh8 {[%clk 0:04:05]} Rxh8 {[%clk 0:12:30]}
27. Qd5 {[%clk 0:04:05]} Bg4 {[%clk 0:12:30]} 28. Qf7+ {[%clk 0:03:32]} Kh6
{[%clk 0:12:58]} 29. Re6 {[%clk 0:03:32]} 1-0

[Event "European Women's Championship"]
[Site "Vysoke Tatry"]
[Date "2018.04.17"]
[Round "9"]
[White "Novosadova, Kristyna"]
[Black "Milliet, Sophie"]
[Result "0-1"]
[Board "30"]
[WhiteElo "2240"]
[WhiteCountry "CZE"]
[WhiteFideId "328065"]
[WhiteEloChange "-6"]
[BlackElo "2391"]
[BlackTitle "IM"]
[BlackCountry "FRA"]
[BlackFideId "623725"]
[BlackEloChange "6"]

1. d4 {[%clk 1:30:57]} Nf6 {[%clk 1:30:54]} 2. c4 {[%clk 1:31:21]} e6 {[%clk
1:31:16]} 3. Nc3 {[%clk 1:31:43]} Bb4 {[%clk 1:31:41]} 4. Qc2 {[%clk 1:32:06]} c5
{[%clk 1:31:11]} 5. a3 {[%clk 1:27:02]} Bxc3+ {[%clk 1:31:25]} 6. bxc3 {[%clk
1:16:30]} Nc6 {[%clk 1:31:17]} 7. Nf3 {[%clk 1:10:32]} d6 {[%clk 1:25:49]} 8. e4
{[%clk 1:08:36]} e5 {[%clk 1:25:58]} 9. h3 {[%clk 0:59:16]} cxd4 {[%clk 1:06:31]}
10. cxd4 {[%clk 0:59:36]} exd4 {[%clk 1:06:58]} 11. Bd3 {[%clk 0:55:41]} Qa5+
{[%clk 1:03:16]} 12. Bd2 {[%clk 0:47:21]} Qh5 {[%clk 0:54:19]} 13. Rb1 {[%clk
0:44:25]} O-O {[%clk 0:52:40]} 14. Rb5 {[%clk 0:35:35]} Ne5 {[%clk 0:52:52]} 15.
Nxe5 {[%clk 0:33:47]} dxe5 {[%clk 0:53:19]} 16. O-O {[%clk 0:24:37]} Bd7 {[%clk
0:48:21]} 17. Rxb7 {[%clk 0:24:41]} Qg6 {[%clk 0:48:35]} 18. f4 {[%clk 0:17:20]}
Bxh3 {[%clk 0:47:43]} 19. Bc1 {[%clk 0:15:41]} Bc8 {[%clk 0:31:11]} 20. fxe5
{[%clk 0:13:12]} Ng4 {[%clk 0:31:00]} 21. Re7 {[%clk 0:09:23]} Be6 {[%clk
0:28:00]} 22. Bf4 {[%clk 0:04:21]} Ne3 {[%clk 0:27:37]} 23. Bxe3 {[%clk 0:03:17]}
dxe3 {[%clk 0:28:06]} 24. c5 {[%clk 0:01:54]} Qg5 {[%clk 0:24:10]} 25. Rb7 {[%clk
0:02:22]} Qxe5 {[%clk 0:24:30]} 26. c6 {[%clk 0:02:34]} Rac8 {[%clk 0:21:20]} 27.
c7 {[%clk 0:02:48]} Rfe8 {[%clk 0:20:55]} 28. Rc1 {[%clk 0:02:47]} Bg4 {[%clk
0:11:10]} 29. Rxa7 {[%clk 0:02:26]} Qd4 {[%clk 0:09:34]} 30. Ra4 {[%clk 0:02:38]}
Qb6 {[%clk 0:09:30]} 31. Ra6 {[%clk 0:02:04]} Qd4 {[%clk 0:09:33]} 32. Qc3 {[%clk
0:01:37]} Qxc3 {[%clk 0:03:06]} 33. Rxc3 {[%clk 0:02:06]} e2 {[%clk 0:03:32]} 34.
Kf2 {[%clk 0:02:32]} f5 {[%clk 0:03:58]} 35. Bxe2 {[%clk 0:01:51]} Bxe2 {[%clk
0:04:16]} 36. Kxe2 {[%clk 0:02:17]} Rxe4+ {[%clk 0:04:43]} 37. Kf3 {[%clk
0:02:37]} Kf7 {[%clk 0:04:23]} 38. a4 {[%clk 0:02:19]} Ke7 {[%clk 0:03:18]} 39.
a5 {[%clk 0:02:03]} Kd7 {[%clk 0:00:38]} 40. Ra7 {[%clk 0:31:07]} Rd4 {[%clk
0:30:35]} 41. a6 {[%clk 0:19:16]} Ra4 {[%clk 0:29:10]} 42. Ke3 {[%clk 0:17:28]}
h5 {[%clk 0:25:16]} 43. Kd3 {[%clk 0:16:50]} h4 {[%clk 0:24:37]} 44. Rc2 {[%clk
0:10:25]} Kd6 {[%clk 0:15:35]} 45. Kc3 {[%clk 0:09:33]} g5 {[%clk 0:15:57]} 46.
Kb3 {[%clk 0:09:27]} Ra1 {[%clk 0:16:23]} 47. Kb4 {[%clk 0:04:12]} g4 {[%clk
0:15:29]} 48. Rb2 {[%clk 0:02:01]} h3 {[%clk 0:11:53]} 49. gxh3 {[%clk 0:02:20]}
g3 {[%clk 0:12:21]} 50. Kb5 {[%clk 0:02:33]} f4 {[%clk 0:12:47]} 51. Rb7 {[%clk
0:01:58]} f3 {[%clk 0:13:11]} 52. a7 {[%clk 0:01:04]} f2 {[%clk 0:13:11]} 53.
Rb6+ {[%clk 0:00:52]} Ke7 {[%clk 0:11:39]} 54. Re2+ {[%clk 0:00:41]} Kf7 {[%clk
0:12:04]} 55. Rb8 {[%clk 0:00:33]} f1Q {[%clk 0:12:26]} 56. Rxc8 {[%clk 0:00:43]}
Qxe2+ {[%clk 0:12:50]} 0-1

[Event "European Women's Championship"]
[Site "Vysoke Tatry"]
[Date "2018.04.17"]
[Round "9"]
[White "Gara, Anita"]
[Black "Antolak, Julia"]
[Result "0-1"]
[Board "31"]
[WhiteElo "2369"]
[WhiteTitle "IM"]
[WhiteCountry "HUN"]
[WhiteFideId "709751"]
[WhiteEloChange "-14"]
[BlackElo "2212"]
[BlackTitle "WFM"]
[BlackCountry "POL"]
[BlackFideId "1159569"]
[BlackEloChange "14"]

1. e4 {[%clk 1:30:59]} c5 {[%clk 1:30:56]} 2. Nf3 {[%clk 1:31:19]} d6 {[%clk
1:31:22]} 3. c3 {[%clk 1:31:25]} Nf6 {[%clk 1:31:38]} 4. Be2 {[%clk 1:31:44]} Bd7
{[%clk 1:31:35]} 5. e5 {[%clk 1:26:17]} dxe5 {[%clk 1:30:34]} 6. Nxe5 {[%clk
1:26:41]} Nc6 {[%clk 1:28:50]} 7. Nxd7 {[%clk 1:26:48]} Qxd7 {[%clk 1:28:53]} 8.
O-O {[%clk 1:26:03]} e6 {[%clk 1:27:45]} 9. a4 {[%clk 1:24:33]} Bd6 {[%clk
1:20:45]} 10. Na3 {[%clk 1:22:14]} Nd5 {[%clk 1:17:18]} 11. Nc4 {[%clk 1:07:29]}
Nf4 {[%clk 1:13:03]} 12. Nxd6+ {[%clk 1:02:22]} Qxd6 {[%clk 1:13:27]} 13. Bf3
{[%clk 0:51:43]} Nd3 {[%clk 1:11:56]} 14. Qb3 {[%clk 0:50:37]} Rb8 {[%clk
1:09:39]} 15. a5 {[%clk 0:32:51]} O-O {[%clk 1:06:26]} 16. Qb5 {[%clk 0:33:03]}
a6 {[%clk 1:01:59]} 17. Qb6 {[%clk 0:29:27]} Rfd8 {[%clk 1:00:40]} 18. b4 {[%clk
0:20:48]} cxb4 {[%clk 0:48:16]} 19. cxb4 {[%clk 0:21:12]} Qe5 {[%clk 0:42:13]}
20. Ra3 {[%clk 0:17:48]} Ndxb4 {[%clk 0:39:21]} 21. Ra4 {[%clk 0:13:14]} Nd3
{[%clk 0:32:12]} 22. Bxc6 {[%clk 0:10:46]} bxc6 {[%clk 0:32:34]} 23. Qe3 {[%clk
0:08:24]} Qb5 {[%clk 0:31:41]} 24. Ra1 {[%clk 0:07:55]} Nxc1 {[%clk 0:30:22]} 25.
Rfxc1 {[%clk 0:08:13]} h6 {[%clk 0:29:42]} 26. h3 {[%clk 0:08:41]} Rd3 {[%clk
0:27:45]} 27. Qe4 {[%clk 0:06:25]} Qd5 {[%clk 0:22:48]} 28. Qxd5 {[%clk 0:04:33]}
cxd5 {[%clk 0:23:12]} 29. Ra2 {[%clk 0:04:37]} Rdb3 {[%clk 0:21:37]} 30. Rc6
{[%clk 0:04:28]} Rb2 {[%clk 0:21:58]} 31. Rxb2 {[%clk 0:05:00]} Rxb2 {[%clk
0:22:23]} 32. d4 {[%clk 0:04:28]} Rb1+ {[%clk 0:21:42]} 33. Kh2 {[%clk 0:04:56]}
Rd1 {[%clk 0:21:59]} 34. Rxa6 {[%clk 0:05:24]} Rxd4 {[%clk 0:22:24]} 35. Kg3
{[%clk 0:04:22]} Ra4 {[%clk 0:22:20]} 36. Kf3 {[%clk 0:04:04]} e5 {[%clk
0:22:26]} 37. Ra8+ {[%clk 0:03:50]} Kh7 {[%clk 0:22:51]} 38. a6 {[%clk 0:03:55]}
Kg6 {[%clk 0:22:26]} 39. a7 {[%clk 0:02:24]} Ra3+ {[%clk 0:22:33]} 40. Ke2 {[%clk
0:32:47]} Kf5 {[%clk 0:50:49]} 41. Rd8 {[%clk 0:25:35]} Rxa7 {[%clk 0:49:55]} 42.
Rxd5 {[%clk 0:26:02]} h5 {[%clk 0:49:24]} 43. h4 {[%clk 0:25:33]} f6 {[%clk
0:47:31]} 44. Rd8 {[%clk 0:20:40]} Kg4 {[%clk 0:42:26]} 45. g3 {[%clk 0:20:59]}
Ra2+ {[%clk 0:42:32]} 46. Ke3 {[%clk 0:18:21]} f5 {[%clk 0:39:50]} 47. Rf8 {[%clk
0:10:08]} Ra3+ {[%clk 0:37:00]} 48. Ke2 {[%clk 0:10:37]} f4 {[%clk 0:37:11]} 49.
gxf4 {[%clk 0:10:28]} exf4 {[%clk 0:37:34]} 50. Rf7 {[%clk 0:10:43]} Ra2+ {[%clk
0:37:29]} 51. Kd3 {[%clk 0:08:11]} Rxf2 {[%clk 0:36:58]} 52. Rxg7+ {[%clk
0:08:39]} Kxh4 {[%clk 0:37:17]} 53. Ke4 {[%clk 0:08:58]} Kh3 {[%clk 0:37:29]} 54.
Rh7 {[%clk 0:07:20]} h4 {[%clk 0:37:14]} 55. Rh6 {[%clk 0:07:37]} Kg3 {[%clk
0:37:15]} 56. Rg6+ {[%clk 0:08:03]} Kh2 {[%clk 0:37:40]} 57. Rg4 {[%clk 0:08:22]}
h3 {[%clk 0:37:52]} 58. Rg8 {[%clk 0:08:44]} Kh1 {[%clk 0:38:08]} 59. Rg7 {[%clk
0:08:54]} h2 {[%clk 0:38:01]} 60. Rg8 {[%clk 0:08:27]} Rf1 {[%clk 0:38:04]} 61.
Rg7 {[%clk 0:08:20]} Rg1 {[%clk 0:38:08]} 62. Ra7 {[%clk 0:07:28]} Kg2 {[%clk
0:38:25]} 0-1

[Event "European Women's Championship"]
[Site "Vysoke Tatry"]
[Date "2018.04.17"]
[Round "9"]
[White "Velikic, Adela"]
[Black "Ovod, Evgenija"]
[Result "1/2-1/2"]
[Board "32"]
[WhiteElo "2241"]
[WhiteTitle "WIM"]
[WhiteCountry "SRB"]
[WhiteFideId "913553"]
[WhiteEloChange "3"]
[BlackElo "2366"]
[BlackTitle "IM"]
[BlackCountry "RUS"]
[BlackFideId "4131827"]
[BlackEloChange "-3"]

1. e4 {[%clk 1:30:57]} c5 {[%clk 1:30:56]} 2. Nf3 {[%clk 1:31:22]} e6 {[%clk
1:31:22]} 3. d4 {[%clk 1:31:47]} cxd4 {[%clk 1:31:48]} 4. Nxd4 {[%clk 1:32:13]}
Nc6 {[%clk 1:32:14]} 5. Nc3 {[%clk 1:32:34]} Qc7 {[%clk 1:32:40]} 6. Be2 {[%clk
1:32:56]} a6 {[%clk 1:33:02]} 7. O-O {[%clk 1:33:18]} Nf6 {[%clk 1:33:22]} 8. Be3
{[%clk 1:33:39]} Be7 {[%clk 1:33:48]} 9. f4 {[%clk 1:30:38]} d6 {[%clk 1:34:07]}
10. Qe1 {[%clk 1:30:18]} O-O {[%clk 1:34:29]} 11. Qg3 {[%clk 1:30:19]} Nxd4
{[%clk 1:34:49]} 12. Bxd4 {[%clk 1:30:44]} b5 {[%clk 1:35:16]} 13. a3 {[%clk
1:30:42]} Bb7 {[%clk 1:35:41]} 14. Rae1 {[%clk 1:28:24]} d5 {[%clk 1:36:02]} 15.
e5 {[%clk 1:20:36]} Bc5 {[%clk 1:36:25]} 16. Bxc5 {[%clk 1:09:18]} Qxc5+ {[%clk
1:36:50]} 17. Qf2 {[%clk 1:04:43]} Qxf2+ {[%clk 1:22:20]} 18. Rxf2 {[%clk
1:02:37]} Ne4 {[%clk 1:22:24]} 19. Nxe4 {[%clk 0:59:19]} dxe4 {[%clk 1:22:50]}
20. Bd1 {[%clk 0:50:12]} f5 {[%clk 1:20:02]} 21. exf6 {[%clk 0:45:58]} Rxf6
{[%clk 1:20:11]} 22. g3 {[%clk 0:29:10]} Raf8 {[%clk 1:13:42]} 23. Rd2 {[%clk
0:22:58]} e5 {[%clk 1:13:50]} 24. fxe5 {[%clk 0:19:35]} Re6 {[%clk 1:14:16]} 25.
Rd7 {[%clk 0:14:02]} Rf7 {[%clk 1:04:30]} 26. Rd8+ {[%clk 0:13:16]} Rf8 {[%clk
1:04:49]} 27. Rd7 {[%clk 0:04:38]} Rf7 {[%clk 1:03:56]} 28. Rd8+ {[%clk 0:01:46]}
Rf8 {[%clk 1:04:18]} 29. Rd7 {[%clk 0:02:09]} 1/2-1/2